000 00196 a2200097 4500
020 _a051487030721
041 _aspa
100 _aPalacios, Argentina
245 _aEl Secreto de la Llama
942 _cBK
999 _c8828
_d8828